Obálka Náhled e-knihy:
PDF Epub
Pro půjčování e-knih musíte být přihlášeni.
Jak si půjčit online?

Brána zahrady /

Mysleli jste si, že bylo již o lásce řečeno vše? Pak je tu pro vás Brána zahrady, aby vás přesvědčila o opaku.

Uloženo v:
Hlavní autor: Novák, Erik Dominik (Autor)
Médium: E-kniha
Jazyk:Czech
Vydáno: Praha : E-knihy jedou, 2019
Tagy:
Žádné tagy
LEADER 01074nam a22002297i 4500
001 311123
007 ta
008 260601s2019 xr ||||| |||| 00| 0 cze d
020 |a 9990002030284 
044 |a xr 
100 1 |a  Novák, Erik Dominik  |4 aut 
245 1 0 |a Brána zahrady /  |c  Novák, Erik Dominik 
264 1 |a Praha :  |b E-knihy jedou,  |c 2019 
300 |a 1 online zdroj (86 stran) 
336 |a text  |b txt  |2 rdacontent 
337 |a bez média  |b n  |2 rdamedia 
338 |a online zdroj  |b cr  |2 rdacarrier 
520 2 |a Mysleli jste si, že bylo již o lásce řečeno vše? Pak je tu pro vás Brána zahrady, aby vás přesvědčila o opaku. 
910 |a RBIT002 
998 |d 203028  |a https://core.palmknihy.cz/api/books/203028/cover?q2en9r  |b https://core.palmknihy.cz/api/books/203028/cover/400?q2en9r  |c https://core.palmknihy.cz/api/books/203028/cover/50?q2en9r  |e   |g 86  |i 9990002030284  |j https://core.palmknihy.cz/api/books/203028/preview.epub  |k https://core.palmknihy.cz/api/books/203028/preview.pdf  |l   |q 49  |r 1  |s https://www.palmknihy.cz/kniha/203028  |t ebook  |y 2019  |z 1 
999 |d 311121